| 000 | 00336nam a2200133Ia 4500 | ||
|---|---|---|---|
| 008 | 230917s9999||||xx |||||||||||||| ||und|| | ||
| 040 |
_e93370 _aMAIN |
||
| 041 | _aEnglish | ||
| 082 | _a617 S84C | ||
| 100 | _aSatya Prakash | ||
| 245 | 0 | _aCritical follow up of patients with single stage uretheroplasty | |
| 300 | _a90 p. | ||
| 942 | _cTH | ||
| 999 |
_c47977 _d47977 |
||